000 00393nam a2200169Ia 4500
008 210210b1896 xxu||||| |||| 00| 0 eng d
041 _aeng
082 _a822/1137
100 _aSTEELE (R)
245 _aSelection: Dobson Ed
260 _aOxford
_bAt the Clarendon Press
_c1896
650 _aSelection:
650 _aEd
650 _aDobson
690 _aEnglish Prose
906 _a013320
999 _c132185
_d132185